| 000 | 00742nam a2200253Ia 4500 | ||
|---|---|---|---|
| 003 | OSt | ||
| 005 | 20220912151410.0 | ||
| 006 | a|||||r|||| 00| 0 | ||
| 007 | ta | ||
| 008 | 220909b |||||||| |||| 00| 0 eng d | ||
| 024 | _a23752 | ||
| 037 | _cTextual | ||
| 040 |
_aCSL _beng _cCSL |
||
| 041 | _aeng | ||
| 082 | _aB44p8,N76, L7 | ||
| 100 | _aLittle C H C Ed. | ||
| 111 | _aAustralian conference on combinatrial mathematics (1976 : Melbourne) | ||
| 245 | 0 | _aProceeding on Combinatorial mathematics V | |
| 260 |
_aBerlin _bspringer-verlag _c1977 |
||
| 300 |
_aiv,213p. _ccm. |
||
| 490 | _aLecture Notes in Mathematics; 622 | ||
| 942 |
_hB44p8,N76, L7 _cTEXL _2CC |
||
| 999 |
_c67562 _d67562 |
||